Top 15 most subscribed YouTube channels in UK (as of Feb 2023) - Statistics

General Stats
  • This quiz has been taken 30 times
  • The average score is 2 of 15
Answer Stats
Sub count Channel type Channel name % Correct
24M Entertainment KSI
83%
52.9M Music Ed Sheeran
54%
29.6M Music Adele
42%
26.3M Gaming DanTDM
29%
37.9M Music One Direction
25%
21.5M Music Dua Lipa
4%
19.7M Entertainment Gordon Ramsey
4%
19.2M Entertainment Britain's Got Talent
0%
24.5M Music Coldplay
0%
20.3M Entertainment Dan Rhodes
0%
20M Entertainment Got Talent Global
0%
23.3M Gaming Jelly
0%
31.6M Comedy Mr Bean
0%
33.2M Music NoCopyrightSounds
0%
21.9M Music OneDirectionVEVO
0%
No matching quizzes found
Score Distribution
Percent of People with Each Score
Percentile by Number Answered
Your Score History
You have not taken this quiz